| 000 | 00000nam##2200000za#4500 |
| 001 | 9.603682 |
| 003 | CaOODSP |
| 005 | 20231123085102 |
| 007 | cr ||||||||||| |
| 008 | 150406|2001||||xxc|||||o f|0| 0 fre|d |
| 040 | |aCaOODSP|bfre |
| 043 | |an-cn--- |
| 086 | 1 |aE2-136/16-2001F-PDF |
| 110 | 1 |aCanada. |bAffaires étrangères et commerce international Canada. |
| 245 | 10|aL'information pour la prise de décisions en matière de développementdurable : |h[ressource électronique]|bune contribution canadienne au dialogue qui se tiendra durant la neuvièmesession de la Commission du développement durable des Nations Unies, du 16 au 27 avril 2001 |
| 260 | |aOttawa - Ontario : |bAffaires étrangères et Commerce international |c2001. |
| 300 | |a38p.|bréférences, photographies |
| 490 | 1 |aCollection de monographies sur le développement durable au Canada|vN° 16 |
| 500 | |aLe n° de catalogue (E2-136/16-2001) et l'ISBN (0-662-65527-3) de l'édition imprimée bilingue ont été incorrectement copiés dans l'édition électronique. |
| 590 | |a12-17-Supp|b2012-04-20 |
| 775 | 08|tInformation for decision making in sustainable development : |w(CaOODSP)9.573581 |
| 776 | 0#|tInformation for decision making in sustainable development : |w(CaOODSP)9.534794 |
| 776 | 0#|tL'information pour la prise de décisions en matière de développementdurable : |w(CaOODSP)9.534795 |
| 830 | #0|aCollection de monographies sur le développement durable au Canada ;|vN° 16|w(CaOODSP)9.503314 |
| 856 | 40|ahttp://publications.gc.ca|qPDF|s873 Ko|uhttps://publications.gc.ca/collections/Collection/E2-136-16-2001F.pdf|yN° 16 |